000 00705nam a2200181 i 4500
001 32377
003 ES-MaACL
005 20230906154549.0
007 t|
008 030131s1952 sp ||||1| spa d
100 1 _aBenito Martínez, José.
_927684
245 1 0 _aConservación de maderas en sus aspectos teórico, industrial y económico /
_cpor José Benito Martínez.
260 _aMadrid :
_bMinisterio de Agricultura, Instituto Forestal de Investigaciones y Esperiencias,
_c1952 (
_fBlass)
300 _aXXVIII, 550 p., 113 lám. :
_bil. ;
_c25 cm.
650 4 _aMadera-
_xConservación.
_9167256
710 2 _aInstituto Forestal de Investigaciones y Experiencias.
_95059
852 _aES-MaACL
_jE-3290
999 _c32377
_d32377